Bob Wilson's soccer focus / (Record no. 9822)
[ view plain ]
| 000 -LEADER | |
|---|---|
| fixed length control field | 00744nam a22002532 4500 |
| 001 - CONTROL NUMBER | |
| JCCL Control Number | 9822 |
| 003 - CONTROL NUMBER IDENTIFIER | |
| JCCL marc code | BD -JhCC |
| 005 - DATE AND TIME OF LATEST TRANSACTION | |
| control field | 20180402082256.0 |
| 008 - FIXED-LENGTH DATA ELEMENTS--GENERAL INFORMATION | |
| fixed length control field | 180401s1980 enkac 001 0 eng d |
| 020 ## - INTERNATIONAL STANDARD BOOK NUMBER | |
| International Standard Book Number | 0720712831 |
| 035 ## - SYSTEM CONTROL NUMBER | |
| system control number | OCLC ocm16563361 from D970325M |
| -- | (BD -JhCC)9822 |
| 040 ## - CATALOGING SOURCE | |
| Original cataloging agency | UKM |
| Transcribing agency | UKM |
| Modifying agency | EQO |
| -- | BD -JhCC |
| 041 ## - LANGUAGE CODE | |
| Language code of Book | eng |
| 050 1# - LIBRARY OF CONGRESS CALL NUMBER | |
| Classification number | GV942.5 |
| 082 0# - DEWEY DECIMAL CLASSIFICATION NUMBER | |
| Classification number | 796.334/09/04 |
| DDC Edition number | 19 |
| Author mark and Year | WIL 1980 |
| 100 1# - MAIN ENTRY--PERSONAL NAME | |
| Personal name | Wilson, Bob, |
| Dates associated with a name | 1941- |
| 245 10 - TITLE STATEMENT | |
| Title | Bob Wilson's soccer focus / |
| Statement of responsibility, etc | Bob Wilson, |
| 260 ## - PUBLICATION, DISTRIBUTION, ETC. (IMPRINT) | |
| Place of publication, distribution, etc | London : |
| Name of publisher, distributor, etc | Pelham, |
| Date of publication, distribution, etc | 1980. |
| 300 ## - PHYSICAL DESCRIPTION | |
| Pagination | 192 p., [12] p. of plates : |
| Other physical details | ill. (some col.), ports. (some col.) ; |
| Dimensions | 26 cm. |
| 500 ## - GENERAL NOTE | |
| General note | Includes index. |
| 650 #0 - SUBJECT ADDED ENTRY--TOPICAL TERM | |
| Topical term or geographic name as entry element | Soccer |
| General subdivision | History |
| Chronological subdivision | 20th century. |
| 942 ## - ADDED ENTRY ELEMENTS (KOHA) | |
| Source of classification or shelving scheme | Dewey Decimal Classification |
| Koha item type | Reference |
| Source of classification or shelving scheme | Damaged status | Not for loan | Home library | Current library | Date of accession | Total Checkouts | Full call number | Barcode | Date last seen | Copy number | Koha item type |
|---|---|---|---|---|---|---|---|---|---|---|---|
| Dewey Decimal Classification | JCC Rouf Library | JCC Rouf Library | 04/01/2018 | 796.334/09/04 WIL 1980 | 13292 | 04/01/2018 | C-1 | Reference |